00416cam a2200145 i 4500020001500000082001400015100002300029245002500052250001200077260003100089300002600120500005800146650004100204700002500245 a047102222500a541.3 ALB1 aAlberty, Robert A.10aPhysical chemistry / a5th ed. aNew York :bWiley,cc1979. axii, 682 p. :bill. ; aAuthor's names in reverse order in previous editions. 0aChemistry, Physical and theoretical.1 aDaniels, Farrington,